Vermischte Länderflaggen - Statistiken

Allgemein
  • Dieses Quiz wurde 56.939 mal gespielt
  • Das Durchschnittsergebnis liegt bei 22 aus 32
Antwortstatistiken
Flagge Länder % Korrekt
Kanada
100%
Frankreich
99%
Deutschland
98%
Türkei
97%
Südafrika
92%
Südkorea
92%
Israel
89%
Iran
87%
Nordmazedonien
85%
Vereinigte Staaten
83%
Portugal
82%
Saudi-Arabien
82%
Bulgarien
77%
Slowakei
76%
Libanon
71%
China
68%
Vietnam
67%
Pakistan
64%
Tunesien
64%
Sri Lanka
63%
Armenien
61%
Kuba
60%
Angola
59%
Taiwan
56%
Argentinien
53%
Montenegro
52%
Äthiopien
47%
Laos
43%
Papua-Neuguinea
41%
Bolivien
35%
Mauretanien
27%
Osttimor
27%
Keine übereinstimmenden Quizze gefunden
Verteilung der Resultate
Anzahl Personen mit jedem Resultat
Perzentil nach korrekt beantworteten Fragen
Ihre Resultats-Entwicklung
Sie haben dieses Quiz noch nicht gespielt